00416nam a22001097a 4500008004100000050001300041245013100054260005600185300001700241700002100258700002700279160909b xxu||||| |||| 00| 0 eng d a209/2008 aStdents Front Desk Information System: a case study for Wisconsin Int. univ. CollegecSandra A. Koree and Anthonia A. Gyamerah aAccra.:bWisconsin International University,c2008. aVarious pgs. a Koree,Sandra A. aGyamerah, Anthonia A.